| 000 | 00355 a2200145 4500 | ||
|---|---|---|---|
| 020 | _a9695191118 | ||
| 082 | _a297.4 | ||
| 090 |
_c6056 _d6056 |
||
| 100 | _aNicholson,R.A. | ||
| 245 |
_aRevelation of the Mystery. _cNicholson,R.A. |
||
| 260 |
_aLahore. _bSuhail Academy. _c2005. |
||
| 300 | _a446p. | ||
| 500 | _aHardcover. | ||
| 942 |
_aNBS _cBK _k297.4 NIC |
||
| 999 |
_c348444 _d348444 |
||